| 000 | 00380cam a2200157ua 4500 | ||
|---|---|---|---|
| 041 |
_aeng _h |
||
| 082 |
_a828.09 _bGOR/KA |
||
| 100 | _aGordon, Ian A . | ||
| 245 |
_aKatherine Mansfield / _cIan A Gordon. _hTextual Documents |
||
| 250 |
_a1 / _b. |
||
| 260 |
_aLondon : _bLongman Green and Co , _c1963. |
||
| 300 | _a35 ; . | ||
| 504 | _a | ||
| 942 | _cBK | ||
| 999 |
_c8624 _d8624 |
||